| 000 | 00335nam a2200121Ia 4500 | ||
|---|---|---|---|
| 008 | 240624s9999 xx 000 0 und d | ||
| 041 | _aeng | ||
| 082 | _a613.7046 BRO | ||
| 100 | _aBROWN CHRISTINA | ||
| 245 | _aYOGA BIBLE THE DEFINITIVE GUIDE TO YOGA | ||
| 260 |
_c2003 _aGreat Britain _bA Godsfield Book |
||
| 300 | _a400 : p. : cm. ; 24 | ||
| 999 |
_c22098 _d22098 |
||